000 00346nam a2200133Ia 4500
008 240624s9999 xx 000 0 und d
041 _aeng
082 _a519.5 BAN
100 _aBANSAL ASHOK K
245 _aBAYESIAN PARAMETRIC INFERENCE
260 _c2007
_aNew Delhi
_bNarosa Publishing House Pvt. Ltd.
300 _a468 : p.
365 _cRS
_b30
999 _c12591
_d12591